Reinforced concrete design/ (Record no. 11404)
[ view plain ]
| 000 -LEADER | |
|---|---|
| fixed length control field | 00684nam a22001697a 4500 |
| 008 - FIXED-LENGTH DATA ELEMENTS--GENERAL INFORMATION | |
| fixed length control field | 090423t xxu||||| |||| 00| 0 eng d |
| 020 ## - INTERNATIONAL STANDARD BOOK NUMBER | |
| International Standard Book Number | 0070495041 |
| 082 ## - DEWEY DECIMAL CLASSIFICATION NUMBER | |
| Edition number | 22 |
| Classification number | 624.18341 |
| Item number | PIL |
| 100 ## - MAIN ENTRY--PERSONAL NAME | |
| 9 (RLIN) | 4144 |
| Personal name | Pillai, S. Unnikrishna |
| 245 ## - TITLE STATEMENT | |
| Title | Reinforced concrete design/ |
| Statement of responsibility, etc | S. Unnikrishna Pillai & Devdas Menon |
| 260 ## - PUBLICATION, DISTRIBUTION, ETC. (IMPRINT) | |
| Place of publication, distribution, etc | New Delhi: |
| Name of publisher, distributor, etc | Tata McGraw-Hill, |
| Date of publication, distribution, etc | 2003 |
| 300 ## - PHYSICAL DESCRIPTION | |
| Extent | 875p.: |
| Other physical details | ill.; |
| Dimensions | 22 cm. |
| 504 ## - BIBLIOGRAPHY, ETC. NOTE | |
| Bibliography, etc | Includes bibliographical references and index |
| 650 ## - SUBJECT ADDED ENTRY--TOPICAL TERM | |
| 9 (RLIN) | 4148 |
| Topical term or geographic name as entry element | Reinforced concrete construction |
| 942 ## - ADDED ENTRY ELEMENTS (KOHA) | |
| Source of classification or shelving scheme | Dewey Decimal Classification |
| Item type | Book - Borrowing |
| Withdrawn status | Item status | Source of classification or shelving scheme | Damaged status | Not for loan | Vendor | Home library | Current library | Shelving location | Date acquired | Source of acquisition | Cost, normal purchase price | Serial Enumeration / chronology | Total Checkouts | Total Renewals | Full call number | Barcode | Date last seen | Date last borrowed | Koha item type |
|---|---|---|---|---|---|---|---|---|---|---|---|---|---|---|---|---|---|---|---|
| Dewey Decimal Classification | Alahram | Central Library | Central Library | First floor | 23/04/2009 | 117.50 | 371 | 1 | 2 | 624.18341 PIL | 000016028 | 15/07/2025 | 16/12/2015 | Book - Borrowing |